Derecho matrimonial canónico (Record no. 55222)

MARC details
000 -LEADER
campo de control de longitud fija 00771nam a2200217 i 4500
001 - NÚMERO DE CONTROL
campo de control 55222
003 - IDENTIFICADOR DE NÚMERO DE CONTROL
campo de control ES-MaACL
005 - FECHA Y HORA DE LA ÚLTIMA TRANSACCIÓN
campo de control 20250807081623.0
007 - CAMPO FIJO DE DESCRIPCIÓN FÍSICA--INFORMACIÓN GENERAL
campo de control de longitud fija t|
008 - DATOS DE LONGITUD FIJA--INFORMACIÓN GENERAL
campo de control de longitud fija 030916s1967 sp |||| | spa d
080 ## - NÚMERO DE LA CLASIFICACIÓN DECIMAL UNIVERSAL
Número de la Clasificación Decimal Universal 348.6:347.62(083.4)
100 1# - ENTRADA PRINCIPAL--NOMBRE DE PERSONA
Nombre de persona Rocca, Ferdinando della.
9 (RLIN) 98033
245 10 - MENCIÓN DEL TÍTULO
Título Derecho matrimonial canónico
Resto del título : cuadros sinópticos /
Mención de responsabilidad, etc. Ferdinando della Rocca ; [traducción y adaptación al castellano por Alfonso Prieto Prieto].
260 ## - PUBLICACIÓN, DISTRIBUCIÓN, ETC.
Lugar de publicación, distribución, etc. Madrid :
Nombre del editor, distribuidor, etc. Epesa [Ediciones y Publicaciones Españolas],
Fecha de publicación, distribución, etc. 1967.
300 ## - DESCRIPCIÓN FÍSICA
Extensión XXVI, 468 p. ;
Dimensiones 22 cm.
650 #7 - PUNTO DE ACCESO ADICIONAL DE MATERIA--TÉRMINO DE MATERIA
Término de materia o nombre geográfico como elemento de entrada Matrimonio (Derecho canónico)
Fuente del encabezamiento o término embne
9 (RLIN) 14862
700 1# - ENTRADA AGREGADA--NOMBRE PERSONAL
Nombre de persona Prieto Prieto, Alfonso.
9 (RLIN) 93941
852 ## - LOCALIZACIÓN
Ubicación ES-MaACL
Número de control de estantería C-32292
852 ## - LOCALIZACIÓN
Ubicación ES-MaACL
Número de control de estantería C-27825
Holdings
Estatus retirado Estado de pérdida Estado de daño No para préstamo Biblioteca de origen Biblioteca actual Ubicación en estantería Fecha de adquisición Fuente de adquisición Total de préstamos Signatura topográfica completa Código de barras Visto por última vez Precio de reemplazo Tipo de ítem Koha
        Biblioteca del Ateneo de Madrid Biblioteca del Ateneo de Madrid Depósito 2 17/01/2008     C-27825 1058023 23/02/2023 23/02/2023 Libro impreso
        Biblioteca del Ateneo de Madrid Biblioteca del Ateneo de Madrid Depósito 2 17/01/2008     C-32292 1058022 23/02/2023 23/02/2023 Libro impreso